000 00632cab a2200193 4500
001 WB3201-22
008 090401t1995 xxu||||| |||| 00| 0 eng d
035 _a(Sirsi) u9482
041 _aeng
245 _aDuke of Westminster property profits
260 _c1995
350 _a0
490 _aIndependent
_v27 December 1995, 1(1)
520 _aGrosvenor Estate Holdings latest annual accounts show an increase in profits from £11m to £20m and a rise in net rental income from £29m to £36m.
650 _aGROSVENOR ESTATE HOLDINGS
690 _aPROPERTY-PROPERTY FINANCE AND INVESTMENT
942 _n0
948 _c04/03/1997
999 _c5928
_d5928